| 000 | 00359nam a22001337a 4500 | ||
|---|---|---|---|
| 020 | _a9781118924594 | ||
| 082 | _a621.3133 VER | ||
| 100 |
_a Vertigan, Graeme _969623 |
||
| 245 | _aAc circuits and power systems in practice | ||
| 260 |
_aUSA _bWiley _c2018 |
||
| 300 | _axvii,578 P | ||
| 650 |
_aAC CIRCUITS AND POWER SYSTEMS IN PRACTICE _969624 |
||
| 942 | _cBK | ||
| 999 |
_c576832 _d576832 |
||